Girls Names that start with N - Statistics

General Stats
  • This quiz has been taken 537 times
  • The average score is 8 of 16
Answer Stats
Answer % Correct
Nona
90%
Natalie
81%
Nora
79%
Nelly
70%
Nicole
69%
Nancy
68%
Natalia
57%
Naomi
55%
Nia
53%
Nadia
51%
Nikita
42%
Noelle
39%
Noreen
27%
Nettie
25%
Nicolette
24%
Niamh
17%
No matching quizzes found
Score Distribution
Percent of People with Each Score
Percentile by Number Answered
Your Score History
You have not taken this quiz